000 01193nam a2200229Ia 4500
003 Ost
005 20260507075739.0
008 260507s9999||||xx |||||||||||||| ||und||
040 _cfsecg
041 _aara
082 _a337
100 _aالشرقاوي، عبد الحكيم مصطفى
_eمؤلف
245 0 _aالعولمة المالية وامكانات التحكم :
_bعدوى الأزمات المالية /
_c عبد الحكيم مصطفى الشرقاوي
260 _aالاسكندرية:
_bدار الفكر الجامعي,
_c2003
300 _a219 صفحة؛
_bإيضاحات ؛
_c24 سم
504 _aالمراجع ص.209
520 _aنظام النقد الدولي والأزمات المالية،اضطراب الأسواق المالية،نشوء الأزمات المالية،الأزمة المالية الآسيوية،دور صندوق النقد الدولي في الأزمات المالية،سوق الصرف المصري وعدوى الأزمات المالية
653 _aالأزمات المالية
653 _aالعولمة- الجوانب الاقتصادية
653 _aصندوق النقد الدولي
942 _cكتاب
999 _c46124
_d46124